Test it fix it: English grammar (pre-intermediate)

Zapisane w:
Opis bibliograficzny
1. autor: Bourke, Kenna
Format: Książka
Język:Undetermined
Wydane: Oxford Oxford University Press 2003
Hasła przedmiotowe:
Etykiety: Dodaj etykietę
Nie ma etykietki, Dołącz pierwszą etykiete!
Thư viện lưu trữ: Trung tâm Học liệu Trường Đại học Cần Thơ
LEADER 00647nam a2200217Ia 4500
001 CTU_182776
008 210402s9999 xx 000 0 und d
020 |c 87000 
082 |a 425 
082 |b B774 
100 |a Bourke, Kenna 
245 0 |a Test it fix it: 
245 0 |b English grammar (pre-intermediate) 
245 0 |c Kenna Bourke 
260 |a Oxford 
260 |b Oxford University Press 
260 |c 2003 
650 |a English language,English language,Anh ngữ thực hành 
650 |x Grammar,Textbooks for foreign speakers,Ngữ pháp 
910 |a Nguyên 
980 |a Trung tâm Học liệu Trường Đại học Cần Thơ